Eniten yleisurheilun olympiamitaleita saavuttaneet valtiot - Statistics

Yleistilastot
  • Tätä visaa on pelattu 799 kertaa
  • Keskiarvotulos 15 / 20
Vastaustilastot
Kultaa Hopeaa Pronssia Mitalit Valtio % Oikein
358 280 223 861 Yhdysvallat
99%
36 62 62 160 Saksa
ml. Länsi-Saksa
96%
12 13 18 43 Kiina
94%
13 28 30 71 Ranska
94%
21 23 41 85 Ruotsi
93%
48 36 30 114 Suomi
93%
18 21 19 58 Venäjä
93%
19 19 33 71 Kanada
89%
24 16 28 68 Italia
88%
56 87 77 220 Iso-Britannia
87%
71 66 77 214 Neuvostoliitto
ml. Yhdistynyt joukkue
80%
29 20 18 67 Puola
75%
22 29 32 83 Australia
74%
38 43 36 117 Kenia
66%
27 39 27 93 Jamaika
62%
24 15 23 62 Etiopia
57%
38 36 35 109 Itä-Saksa
53%
10 13 18 41 Unkari
45%
11 14 20 45 Kuuba
33%
11 14 10 35 Romania
33%
Ehtoja vastaavia visoja ei löytynyt
Tulosjakauma
Jokaisen tuloksen saaneiden osuus
Persentiili vastausten määrän mukaan
Tuloshistoriasi
Et ole pelannut tätä visaa